| 000 | 00365nam a2200133Ia 4500 | ||
|---|---|---|---|
| 008 | 240624s9999 xx 000 0 und d | ||
| 041 | _aeng | ||
| 082 | _a658.4092 PAT | ||
| 100 | _aPATTANAIK DEVDUTT | ||
| 245 | _aLEADERSHIP SUTRA AN INDIAN APPROACH TO P | ||
| 260 |
_c2016 _aNew Delhi _bAleph Book Company |
||
| 300 | _axi, : 137 : p. : cm. ; 20 | ||
| 365 |
_cRS _b30 |
||
| 999 |
_c28090 _d28090 |
||